| 000 | 01415nam a2200217 a 4500 | ||
|---|---|---|---|
| 008 | 160420s2012 ||||||||||||||||| || u | ||
| 020 | _a9781919991825 | ||
| 050 | _aSADC(02)2012/1A | ||
| 110 | _aSouthern African Development Community (SADC) | ||
| 245 | 1 | 0 |
_aLearning for a sustainable future; fifteen years of Swedish-SADC Co-operation in environment and sustainability education _cby Southern African Development Community [SADC] |
| 260 |
_aHowick: _bSouthern African Development Community (SADC) _c2012 |
||
| 300 | _a96p.: ill. | ||
| 650 | _aSUSTAINABLE AGRICULTURE | ||
| 650 | _aENVIRONMENT, ECONOMIC ASPECTS--SOUTHERN AFRICA | ||
| 650 | _aSUSTAINABLE DEVELOPMEMT--AFRICA | ||
| 995 |
_aSPECIAL COLLECTIONS _e2170 _FCBU-MAIN LIBRARY (Kitwe) _jSADC(02)2012/1D _M4 _UAVAILABLE _WMay 18, 2016 _yB2170 _ZInternational Publications |
||
| 995 |
_aSPECIAL COLLECTIONS _e2147 _FCBU-MAIN LIBRARY (Kitwe) _jSADC(02)2012/1B _M2 _UAVAILABLE _WApr 27, 2016 _yB2147 _ZInternational Publications |
||
| 995 |
_aSPECIAL COLLECTIONS _e2139 _FCBU-MAIN LIBRARY (Kitwe) _jSADC(02)2012/1A _M1 _UAVAILABLE _WApr 21, 2016 _yB2139 _ZInternational Publications |
||
| 995 |
_aSPECIAL COLLECTIONS _e2171 _FCBU-MAIN LIBRARY (Kitwe) _jSADC(02)2012/1E _M5 _UAVAILABLE _WMay 18, 2016 _yB2171 _ZInternational Publications |
||
| 995 |
_aSPECIAL COLLECTIONS _e2169 _FCBU-MAIN LIBRARY (Kitwe) _jSADC(02)2012/1C _M3 _UAVAILABLE _WMay 18, 2016 _yB2169 _ZInternational Publications |
||
| 999 |
_c80654 _d80654 |
||